000 00379 a2200157 4500
001 153990
040 _cEscola São Tomás de Aquino
100 _aFERREIRO, Emilia
240 1 0 _aA produção de notações na criança
_lpor
245 1 0 _aA produção de notações na criança
300 _a180
362 0 _a1990
440 1 _aCortez
697 _aEducação
942 _cBK
999 _c153990
_d153990